[Event "AUS-ch U18"]
[Site "Mooroolbark"]
[Date "2011.01.21"]
[Round "7"]
[White "Hayman, Adam"]
[Black "Morris, James"]
[Result "0-1"]
[WhiteElo "1483"]
[BlackElo "2190"]
[PlyCount "48"]
[EventDate "2011.01.15"]
[EventType "swiss"]
[EventRounds "9"]
[EventCountry "AUS"]
[SourceTitle "EXT 2013"]
[Source "ChessBase"]
[SourceDate "2012.11.22"]
[SourceVersion "1"]
[SourceVersionDate "2012.11.22"]
[SourceQuality "1"]

1. e4 c6 2. d4 Na6 3. Bxa6 Qa5+ 4. Bd2 Qxa6 5. f4 g6 6. Nf3 Bg7 7. Nc3 d6 8. Qe2 Qb6 9. Na4 Qc7 10. c4 Bg4 11. Bc3 b5 12. cxb5 cxb5 13. d5 Nf6 14. Qxb5+ Bd7 15. Qa6 Rb8 16. e5 Bb5 17. exd6 exd6 18. Qa5 Qxa5 19. Bxa5 Bxa4 20. Bc7 Rxb2 21. Bxd6 Rxg2 22. Rb1 Nxd5 23. Ne5 Bxe5 24. Bxe5 0-0 0-1

[Event "AUS-ch U18"]
[Site "Mooroolbark"]
[Date "2011.01.16"]
[Round "2"]
[White "Dale, Ari"]
[Black "Hayman, Adam"]
[Result "1-0"]
[WhiteElo "1621"]
[BlackElo "1483"]
[PlyCount "75"]
[EventDate "2011.01.15"]
[EventType "swiss"]
[EventRounds "9"]
[EventCountry "AUS"]
[SourceTitle "EXT 2013"]
[Source "ChessBase"]
[SourceDate "2012.11.22"]
[SourceVersion "1"]
[SourceVersionDate "2012.11.22"]
[SourceQuality "1"]

1. d4 d5 2. c4 c6 3. Nf3 Nf6 4. Nc3 dxc4 5. a4 e6 6. e3 c5 7. Bxc4 cxd4 8. exd4 Bb4 9. 0-0 0-0 10. Bg5 Nbd7 11. Qe2 Re8 12. Rfe1 Qc7 13. Rac1 Qa5 14. Ne5 Nxe5 15. dxe5 Nd7 16. Bd3 h6 17. Bf4 Bxc3 18. Rxc3 Nb6 19. Qe4 Nd5 20. Bd2 Bd7 21. Rc2 Qxa4 22. Rc4 Qb3 23. Bc2 Qb6 24. Qh7+ Kf8 25. Be4 Qxb2 26. Bc1 Qa2 27. Bxd5 exd5 28. Rc2 Qa1 29. Qh8+ Ke7 30. Qxg7 Rg8 31. Qf6+ Ke8 32. Rce2 Bb5 33. Bg5 Qa3 34. e6 Rxg5 35. Qxf7+ Kd8 36. e7+ Kc8 37. e8R+ Bxe8 38. Rxe8# 1-0

[Event "AUS-ch U18"]
[Site "Sandy Bay"]
[Date "2010.01.18"]
[Round "5"]
[White "Hayman, Adam"]
[Black "Encel, Benjamin"]
[Result "0-1"]
[WhiteElo "1364"]
[BlackElo "1719"]
[PlyCount "92"]
[EventDate "2010.01.14"]
[EventType "swiss"]
[EventRounds "11"]
[EventCountry "AUS"]
[SourceTitle "EXT 2011"]
[Source "ChessBase"]
[SourceDate "2010.11.26"]
[SourceVersion "1"]
[SourceVersionDate "2010.11.26"]
[SourceQuality "1"]

1. e4 c5 2. Nf3 Nc6 3. d4 cxd4 4. Nxd4 g6 5. Nc3 Bg7 6. Be3 Nf6 7. f3 0-0 8. Qd2 d5 9. Nxc6 bxc6 10. e5 Nd7 11. f4 f6 12. Nxd5 fxe5 13. 0-0-0 Rb8 14. Bc4 cxd5 15. Bxd5+ Kh8 16. Bxa7 exf4 17. Bxb8 Nxb8 18. Qb4 Qc7 19. Rhe1 Bf5 20. Bb3 Nc6 21. Qc4 Qb6 22. Rd5 Na5 23. Qc5 Nxb3+ 24. axb3 Qa6 25. Qa5 Qf6 26. Qa3 Rc8 27. c4 f3 28. gxf3 Qg5+ 29. Kd1 Bc2+ 30. Kxc2 Qxd5 31. Qxe7 Qxf3 32. Qd7 Qf2+ 33. Kd3 Rf8 34. Re8 Qf5+ 35. Qxf5 gxf5 36. Rxf8+ Bxf8 37. Kd4 Bd6 38. c5 Bxh2 39. b4 Kg7 40. b5 Kf7 41. Kd5 Ke7 42. b6 Kd7 43. c6+ Kc8 44. c7 h5 45. b4 Bxc7 46. bxc7 h4 0-1

[Event "AUS-ch U18"]
[Site "Sandy Bay"]
[Date "2010.01.15"]
[Round "2"]
[White "Taminsyah, Aston"]
[Black "Hayman, Adam"]
[Result "1-0"]
[WhiteElo "1714"]
[BlackElo "1364"]
[PlyCount "105"]
[EventDate "2010.01.14"]
[EventType "swiss"]
[EventRounds "11"]
[EventCountry "AUS"]
[SourceTitle "EXT 2011"]
[Source "ChessBase"]
[SourceDate "2010.11.26"]
[SourceVersion "1"]
[SourceVersionDate "2010.11.26"]
[SourceQuality "1"]

1. d4 d5 2. c4 c6 3. Nf3 Nf6 4. e3 Bg4 5. Nc3 e6 6. h3 Bh5 7. Be2 Nbd7 8. 0-0 Bd6 9. c5 Bc7 10. b4 b5 11. cxb6 axb6 12. a4 Bd6 13. Ba3 0-0 14. Qc2 Bg6 15. Bd3 Bxd3 16. Qxd3 Qe7 17. Rfb1 e5 18. Qd1 Rfc8 19. Qb3 e4 20. Nd2 Qe6 21. Bc1 Bc7 22. Ba3 Qd6 23. Nf1 Qe6 24. Rc1 Nf8 25. b5 Bd6 26. Bxd6 Qxd6 27. bxc6 Rxc6 28. Rc2 Rac8 29. Nb5 Qd7 30. Rac1 Ne6 31. Ng3 Ne8 32. Nf5 g6 33. Rxc6 Rxc6 34. Rxc6 gxf5 35. Rxb6 f4 36. Nc3 fxe3 37. fxe3 N8c7 38. a5 Ng5 39. Qa2 Qc8 40. Rc6 Qd7 41. Rh6 Kg7 42. Rh5 Qf5 43. Rh4 Kh8 44. Qf2 Qg6 45. Rg4 f5 46. Rg3 h5 47. h4 Nce6 48. hxg5 Kg7 49. a6 h4 50. a7 hxg3 51. Qxg3 Nxg5 52. a8Q Nf3+ 53. Kf2 1-0